000 01097pam a2200349 a 4500
001 4495
003 FISKH
005 20240912101609.0
008 831216s1984 ilua j 001 0 eng
010 _a 83026323
020 _a0516017241 (lib. bdg.)
020 _a9780516237596+
040 _aDLC
_cDLC
_dDLC
_beng
050 _aQL83.S76
082 _a333.95
100 1 _aStone, Lynn M.
245 1 0 _aEndangered animals /
_cby Lynn M. Stone.
260 _aNew York ;
_bScholastic,
_c1984.
300 _a45 pages :
_bcolor illustrations ;
_c22 cm
490 0 _aA New true book
505 _aR
520 _aDiscusses various endangered animal species in the world, why and how they become endangered, and what can be done to save them.
521 8 _a720
_bLexile
521 8 _aR
_bRaz-Plus
650 0 _aEndangered species
_xJuvenile literature.
650 0 _aRare animals
_xJuvenile literature.
650 1 _aRare animals.
650 1 _aWildlife conservation.
906 _a7
_bcbc
_corignew
_d1
_eocip
_f19
_gy-gencatlg
942 _2ddc
_cBK
_n0
999 _c4495
_d4495